| 000 | 01061nam a2200265 i 4500 | ||
|---|---|---|---|
| 003 | IT-RoINE | ||
| 008 | 230912s1768 sp ||||| |||| 001 | spa d | ||
| 026 |
_a0.3. o.ea _ba?a- juha (3) _c1768 (A) _dt. 2 |
||
| 040 |
_aIT-RoINE _dIT-RoINE |
||
| 041 | 1 |
_aspa _hfre |
|
| 100 | 1 |
_966015 _aBossuet, Jacques Bénigne, _cObispo de Meaux, _d1627-1704 |
|
| 240 | 1 | 0 |
_aPolitique tirée des propres paroles de l'Écriture Sainte. _lEspañol |
| 245 | 1 | 0 | _aPolítica deducida de las propias palabras de la Sagrada Escritura... Escrita en frances por el Illmo. Sr. Jacobo Benigno Bossuet, obispo Meldense... Revista y traducida por Don Miguel Joseph Fernandez... |
| 250 | _aSegunda impresión | ||
| 260 |
_aMadrid : _bAndres Ortega, _c1768. |
||
| 300 |
_av. ; _c4º. |
||
| 336 |
_2rdacontent _atext |
||
| 337 |
_2rdamedia _aunmediated |
||
| 338 |
_2rdacarrier _avolume |
||
| 597 | _aSign. T. 2: ¶-¶¶4, A-3D4. | ||
| 597 | _aPortada a dos tintas. | ||
| 700 | 1 |
_972142 _aOrtega, Andrés, _dactivo 1758 - 1781 _eimpresor |
|
| 752 |
_aEspaña, _dMadrid |
||
| 942 |
_2ddc _cLA |
||
| 999 |
_c37421 _d37421 |
||